The Walking Dead ou Stranger Things - Statistiques

Statistiques générales
  • Ce quiz a été pris 842 fois
  • Le résultat moyen est 26 sur 30
Statistiques - réponses
Hint Réponse % Correct
Onze Stranger Things
93%
Dustin Henderson Stranger Things
93%
Max Mayfield Stranger Things
93%
Nancy Wheeler Stranger Things
92%
Steve Harrington Stranger Things
92%
Negan Smith The Walking Dead
92%
Joyce Byers Stranger Things
91%
Jim Hooper Stranger Things
91%
Vecna Stranger Things
91%
Eddie Munson Stranger Things
91%
Rick Grimes The Walking Dead
91%
Glenn Rhee The Walking Dead
91%
Abraham Ford The Walking Dead
90%
Jadis The Walking Dead
90%
Siddiq The Walking Dead
90%
Robin Buckley Stranger Things
89%
Daryl Dixon The Walking Dead
89%
Beth Greene The Walking Dead
89%
Yumiko Okumura The Walking Dead
88%
Tara Chambler The Walking Dead
88%
Enid The Walking Dead
86%
Beta The Walking Dead
86%
Juanita Sanchez The Walking Dead
86%
Chrissy Cunningham Stranger Things
84%
Magna The Walking Dead
84%
Bob Newby Stranger Things
79%
Pamela Milton The Walking Dead
76%
Heather Holloway Stranger Things
68%
Dmitri Antonov Stranger Things
64%
Grigori Stranger Things
33%
Aucun quiz correspondant
Distribution des résultats
% des personnes avec chaque résultat
Percentile par nombre de réponses
Votre historique - résultats
Vous n’avez pas pris ce quiz